[Event "Frauenbundesliga 2011-12"]
[Site "Germany GER"]
[Date "2011.11.27"]
[Round "4.2"]
[White "Levushkina, Elena"]
[Black "Savina, Anastasia"]
[Result "1/2-1/2"]
[WhiteElo "2324"]
[BlackElo "2336"]

1.e4 c5 2.c3 Nf6 3.e5 Nd5 4.Nf3 Nc6 5.d4 cxd4 6.cxd4 d6 7.Bc4 dxe5 8.Nxe5 e6
9.O-O Bd6 10.Nf3 O-O 11.Nc3 Nce7 12.Bb3 b6 13.Re1 Bb7 14.Bc2 Rc8 15.Ng5 g6
16.Qg4 h5 17.Qh3 Nf5 18.Be4 Rc4 19.Bxd5 exd5 20.Nf3 Bc8 21.Ne5 Nxd4 22.Qd3 Bf5
23.Qd1 Rxc3 24.Qxd4 Rc2 25.b4 Qf6 26.Bb2 Be4 27.Nd7 Qxd4 28.Bxd4 Rfc8 29.Nf6+ Kf8
30.Nh7+ Kg8 31.Nf6+ Kf8 32.Nh7+ Kg8 33.Nf6+ Kf8  1/2-1/2

[Event "Frauenbundesliga 2011-12"]
[Site "Germany GER"]
[Date "2011.11.27"]
[Round "4.1"]
[White "Paehtz, Elisabeth"]
[Black "Ohme, Melanie"]
[Result "1-0"]
[WhiteElo "2461"]
[BlackElo "2344"]

1.e4 c5 2.c3 Nf6 3.e5 Nd5 4.Nf3 Nc6 5.d4 cxd4 6.cxd4 d6 7.Bc4 Nb6 8.Bb3 dxe5
9.d5 Na5 10.Nc3 e6 11.Bg5 f6 12.Nxe5 fxg5 13.Qh5+ g6 14.Nxg6 hxg6 15.Qxg6+ Ke7
16.dxe6 Qd4 17.Qf7+ Kd8 18.Rd1 Qxd1+ 19.Bxd1 Be7 20.Qg7 Rh4 21.Qg8+ Kc7 22.O-O Nc6
23.Bf3 Rh6 24.Nb5+ Kb8 25.Bxc6 bxc6 26.Nd4 Nd5 27.Qg7 Rxe6 28.Nxe6 Bxe6 29.Re1 Bf6
30.Qh7 Bc8 31.Re8 a5 32.Qd7  1-0

[Event "25th Belgrade Trophy"]
[Site "Obrenovac SRB"]
[Date "2011.11.29"]
[Round "6.37"]
[White "Stanimirovic,M"]
[Black "Bressac,S"]
[Result "0-1"]
[WhiteElo "1952"]
[BlackElo "2212"]

1.e4 c5 2.c3 Nf6 3.e5 Nd5 4.d4 cxd4 5.cxd4 Nc6 6.Nc3 Nxc3 7.bxc3 d5 8.exd6 e6
9.Nf3 Bxd6 10.Bd3 O-O 11.Ng5 f5 12.f4 h6 13.Nf3 Qc7 14.Qd2 b6 15.O-O Bb7
16.Bc4 Nxd4 17.Nxd4 Qxc4 18.Nxf5 Bc5+ 19.Ne3 Rad8 20.Qe1 Qe4 21.Qg3 Rd3 22.Re1 Rf6
23.Kh1 Rg6  0-1

[Event "25th Belgrade Trophy"]
[Site "Obrenovac SRB"]
[Date "2011.11.29"]
[Round "6.29"]
[White "Volas,N"]
[Black "Videnova,I"]
[Result "0-1"]
[WhiteElo "2103"]
[BlackElo "2297"]

1.e4 c5 2.c3 Nf6 3.e5 Nd5 4.d4 cxd4 5.Nf3 e6 6.cxd4 d6 7.Bd2 Nc6 8.Bc4 Nb6
9.Bb5 Bd7 10.Nc3 a6 11.Bd3 Nb4 12.Be2 Bc6 13.O-O dxe5 14.dxe5 Be7 15.a3 N4d5
16.Ne4 O-O 17.Ng3 Nd7 18.b4 Qc7 19.Re1 Nxe5 20.Nxe5 Qxe5 21.Bxa6 Qb2 22.b5 bxa6
23.bxc6 Bxa3 24.Rb1 Qd4 25.Re4 Qf6 26.Qa4 Bc5 27.Rf1 Rfc8 28.Rg4 g6 29.Ne4 Qd4
30.Nxc5 Qxc5 31.Rc1 Qb5 32.Qc2 a5 33.Rc4 Rc7 34.Rc5 Qb6 35.Rb1 Nb4 36.Qc4 Rd8
37.Bh6 Rxc6 38.Qc3 e5 39.Qxe5 Rf6 40.g4 Qe6 41.Qxe6 Rxe6 42.Rxa5 Nd3 43.Rd5 Ree8
44.Rxd8 Rxd8 45.Rd1 f6 46.Be3 Kf7 47.Kf1 Rd7 48.Ke2 Ne5 49.Rxd7+ Nxd7 50.f4 Ke6
51.Kf3 Kd5 52.h3 f5 53.Ba7 Nf8 54.Bb6 Ne6 55.Ba7 Kc4 56.Ke3 Nc7 57.Bb8 Nd5+
58.Kf3 Kd3 59.Ba7 Nc3 60.Bb6 Nb5 61.h4 h5 62.gxh5 gxh5 63.Bd8 Nd4+ 64.Kf2 Ke4
65.Bg5 Ne6 66.Kg3 Ke3 67.Be7 Ke2 68.Bd6 Nd4 69.Bc7 Kd3 70.Bb6 Ke4 71.Kf2 Ne6
72.Kg3 Nxf4 73.Bc7 Nd3 74.Bb8 f4+ 75.Kg2 Ke3 76.Kf1 Kf3 77.Bc7 Nc5 78.Bd6 Ne4
79.Bc7 Ng3+ 80.Kg1 Nf5 81.Bd8 Kg3 82.Bf6 Nxh4 83.Be5 Nf3+  0-1

[Event "8th Vasylyshyn Mem GM"]
[Site "Lviv UKR"]
[Date "2011.11.30"]
[Round "2"]
[White "Chekhov,S"]
[Black "Vovk,A"]
[Result "0-1"]
[WhiteElo "2421"]
[BlackElo "2551"]

1.e4 c5 2.c3 Nf6 3.e5 Nd5 4.d4 cxd4 5.Nf3 d6 6.exd6 e6 7.Bb5+ Bd7 8.Bxd7+ Qxd7
9.c4 Nb4 10.a3 N4a6 11.Nxd4 Bxd6 12.O-O O-O 13.Nf3 Nc5 14.b4 Nd3 15.Be3 Rd8
16.Ra2 Bc7 17.Rd2 e5 18.Nc3 Nc6 19.Ne1 e4 20.Nxe4 Qe7 21.Nxd3 Qxe4 22.Nc5 Qxc4
23.Nxb7 Rxd2 24.Qxd2 Bxh2+ 25.Kxh2 Qxf1 26.Qd5 Ne7 27.Qd7 Ng6 28.Nd6 Rf8
29.Bxa7 Qd3 30.Bc5 Ne5 31.Qf5 Qxf5 32.Nxf5 Ra8 33.Ne7+ Kh8 34.b5 Ra5 35.a4 Rxa4
36.b6 Nd7 37.b7 Ra5 38.Be3 Rb5 39.Nc8 Kg8 40.Nb6 Nb8 41.Kg3 Kf8 42.Kf3 Ke7
43.Ke4 Kd8 44.Nc4 Rxb7 45.Nd6 Re7+ 46.Kd5 f6 47.Bd4 Na6 48.Bc3 Kd7 49.Nf5 Nc7+
50.Kc4 Re4+ 51.Kd3 Rg4 52.g3 Ne6 53.Ke2 Ra4 54.Kf1 Ke8 55.Kg2 Kf7 56.Bb2 h5
57.Bc3 g6 58.Nd6+ Ke7 59.Nc8+ Ke8 60.Bxf6 Ra6 61.Kf3 Kd7 62.Ne7 Nf8 63.Ng8 Nh7
64.Bd4 Ke6 65.Nh6 Ra4 66.Be3 Kf6 67.g4 h4 68.Kg2 g5 69.Kh3 Nf8 70.Nf5 Ne6
71.Bc1 Nf4+ 72.Kh2 Nd3 73.Be3 Rxg4 74.Nd4 Ne5 75.Kh3 Re4 76.Nb5 Rb4 77.Nc3 Kf5
78.Nd5 Rb7 79.Bxg5 Rb5 80.Nc7 Rc5 81.Bd8 Nf7 82.Bxh4 Rxc7 83.Kg2 Kg4 84.Bg3 Rc2
85.Bb8 Ng5 86.Ba7 Nf3 87.Bb6 Rc1  0-1

[Event "71st ch-ITA 2011"]
[Site "Perugia ITA"]
[Date "2011.11.30"]
[Round "1"]
[White "Godena,M"]
[Black "Caprio,G"]
[Result "1-0"]
[WhiteElo "2548"]
[BlackElo "2354"]

1.c3 c5 2.e4 Nf6 3.e5 Nd5 4.Nf3 b6 5.Bc4 Bb7 6.O-O e6 7.d4 cxd4 8.Nxd4 a6
9.Re1 Qc7 10.Bb3 g5 11.Bxg5 Rg8 12.Nf3 h6 13.Bxd5 Bxd5 14.Bh4 Qc4 15.Bg3 Qg4
16.Nbd2 Be7 17.Qe2 h5 18.h4 d6 19.Qd3 dxe5 20.Nxe5 Qg7 21.c4 Bb7 22.Ne4 f6
23.Nf3 e5 24.Rad1 Ra7 25.Nd6+ Kf8 26.Nxb7 Rxb7 27.Nxe5 fxe5 28.Qf3+  1-0

[Event "8th Vasylyshyn Mem IM"]
[Site "Lviv UKR"]
[Date "2011.12.01"]
[Round "3"]
[White "Kostin,Alexe"]
[Black "Vetoshko,V"]
[Result "1-0"]
[WhiteElo "2333"]
[BlackElo "2242"]

1.e4 c5 2.c3 Nf6 3.e5 Nd5 4.d4 Nc6 5.dxc5 e6 6.c4 Nc7 7.Nf3 Bxc5 8.Bd3 d6
9.Bg5 Qd7 10.exd6 Bxd6 11.Nc3 h6 12.Bh4 O-O 13.Qe2 f5 14.Rd1 g5 15.Bg3 f4
16.Bb1 Qe7 17.a3 fxg3 18.hxg3 e5 19.Rxh6 Nd4 20.Rg6+ Kf7 21.Nxg5+ Ke8 22.Qh5 Kd8
23.Nce4 Be6 24.c5 Bxc5 25.Nxc5 Bd5 26.Nge4 b6 27.Rd6+ Kc8 28.Qg4+ Kb8 29.Nd7+ Kb7
30.Nxf8 Rxf8 31.Rd7 Qe6 32.Qg7  1-0

[Event "8th Vasylyshyn Mem GM"]
[Site "Lviv UKR"]
[Date "2011.12.01"]
[Round "3"]
[White "Vysochin,S"]
[Black "Chekhov,S"]
[Result "1/2-1/2"]
[WhiteElo "2552"]
[BlackElo "2421"]

1.e4 c5 2.c3 Nf6 3.e5 Nd5 4.Nf3 d6 5.d4 cxd4 6.Qxd4 e6 7.Nbd2 Nc6 8.Bb5 Bd7
9.Bxc6 Bxc6 10.O-O Ne7 11.Nc4 Nf5 12.Qg4 Bxf3 13.Qxf3 Qc7 14.Nxd6+ Nxd6 15.exd6 Bxd6
16.h3 O-O 17.Rd1 Be5 18.Qe4 a6 19.a4 h6 20.Be3 Rad8 21.a5 Rxd1+ 22.Rxd1 Qxa5
23.Qxb7 Rb8 24.Qc6 Rxb2 25.Qe8+ Kh7 26.Qxf7 Qd5 27.Bd4 Bxd4 28.Rxd4 Qe5 29.Qf4 Qe1+
30.Kh2 Qxf2 31.Qxf2 Rxf2 32.Rd6 Rc2 33.Rxe6 Rxc3 34.Rxa6  1/2-1/2

[Event "8th Vasylyshyn Mem GM"]
[Site "Lviv UKR"]
[Date "2011.12.02"]
[Round "4"]
[White "Chekhov,S"]
[Black "Goganov,A"]
[Result "0-1"]
[WhiteElo "2421"]
[BlackElo "2484"]

1.e4 c5 2.c3 Nf6 3.e5 Nd5 4.d4 cxd4 5.Nf3 Nc6 6.Bc4 Nb6 7.Bb3 d5 8.exd6 Qxd6
9.O-O Bf5 10.Nxd4 Nxd4 11.cxd4 g6 12.Re1 Bg7 13.Bg5 Bf6 14.Bxf6 Qxf6 15.Qf3 Qxd4
16.Qxb7 O-O 17.Nc3 e6 18.Rad1 Qb4 19.Qa6 Rfc8 20.Rd2 Kg7 21.Red1 Qc5 22.h3 h5
23.Qe2 h4 24.Rd4 Rh8 25.Na4 Nxa4 26.Rxa4 Qe7 27.Qe3 Qf6 28.Rxa7 Rxa7 29.Qxa7 Qxb2
30.Qe3 Rc8 31.Kh2 Qc3 32.Qe2 Rc5 33.Rd7 Re5 34.Qd1 Re4 35.Rxf7+ Kxf7 36.Qd7+ Kg8  0-1

[Event "50th TCh-DEN XtraCon 2011-12"]
[Site "Denmark DEN"]
[Date "2011.12.04"]
[Round "3.6"]
[White "Holmsgaard,H"]
[Black "Christensen,Thom"]
[Result "1-0"]
[WhiteElo "2320"]
[BlackElo "2257"]

1.e4 c5 2.c3 Nf6 3.e5 Nd5 4.d4 e6 5.Nf3 cxd4 6.cxd4 b6 7.Nc3 Bb7 8.Bd3 Nxc3
9.bxc3 Qc7 10.Bd2 d5 11.Ng5 g6 12.f4 Nc6 13.O-O Be7 14.Rf3 Na5 15.Rh3 h6
16.Qg4 Bxg5 17.fxg5 h5 18.Qf4 O-O-O 19.Rf1 Rd7 20.Rhf3 Rg8 21.Qg3 Nc4 22.Bc1 Bc6
23.Qf2 Rg7 24.Bxc4 dxc4 25.Rf4 Qb7 26.Ba3 Be4 27.Qb2 Bf5 28.Bd6 Rh7 29.Qb5 Qd5
30.Qa6+ Rb7 31.h4 Rh8 32.R1f2 Rd8 33.Rb2 Rd7 34.Rb5 Rxd6 35.Rxd5 Rxd5 36.Qxc4+ Rc7
37.Qb4 Rdd7 38.c4 Bd3 39.c5 bxc5 40.dxc5 Ba6 41.c6 Rxc6 42.Qf8+ Kc7 43.Rxf7 Bd3
44.Rxd7+ Kxd7 45.Qf7+ Kc8 46.Qf3 Rc1+ 47.Kh2 Bf5 48.Qa8+ Kd7 49.Qxa7+ Rc7
50.Qd4+ Kc6 51.a4 Kb7 52.a5 Rf7 53.Qb6+ Ka8 54.a6 Rh7 55.Kg3 Rf7 56.Kf4 Bb1+
57.Ke3 Bf5 58.Kd4 Rd7+ 59.Kc5 Rh7 60.Kb4 Rg7 61.Ka5  1-0

[Event "TCh-BEL 2011-12"]
[Site "Gent BEL"]
[Date "2011.12.04"]
[Round "5.1"]
[White "Daels,M"]
[Black "Swinkels,R"]
[Result "0-1"]
[WhiteElo "2233"]
[BlackElo "2494"]

1.e4 c5 2.c3 Nf6 3.e5 Nd5 4.d4 cxd4 5.Nf3 e6 6.cxd4 d6 7.Bc4 Nc6 8.O-O Be7
9.Qe2 O-O 10.Qe4 Bd7 11.Bd3 f5 12.exf6 Nxf6 13.Qe2 Qe8 14.Nc3 Qh5 15.Re1 a6
16.Bd2 Rae8 17.Rad1 Nb4 18.Bb1 Nbd5 19.Ng5 Ng4 20.h3 Rxf2 21.hxg4 Rxe2 22.gxh5 Rxd2
23.Nxd5 Bxg5 24.Rxd2 Bxd2 25.Re2 exd5 26.Rxd2 Re1+  0-1

[Event "80th Anniversary Mollet GM"]
[Site "Mollet del Valles ESP"]
[Date "2011.12.05"]
[Round "7"]
[White "Barsov,A"]
[Black "Cruz,F"]
[Result "1/2-1/2"]
[WhiteElo "2530"]
[BlackElo "2442"]

1.e4 c5 2.c3 Nf6 3.e5 Nd5 4.Nf3 e6 5.Bc4 d6 6.exd6 Bxd6 7.O-O O-O 8.d4 cxd4
9.cxd4 Nd7 10.Nc3 Nxc3 11.bxc3 h6 12.Qe2  1/2-1/2

[Event "8th Vasylyshyn Mem GM"]
[Site "Lviv UKR"]
[Date "2011.12.06"]
[Round "8"]
[White "Vysochin,S"]
[Black "Baghdasaryan,V"]
[Result "1/2-1/2"]
[WhiteElo "2552"]
[BlackElo "2362"]

1.e4 c5 2.c3 Nf6 3.e5 Nd5 4.Nf3 Nc6 5.Bc4 Nb6 6.Bb3 c4 7.Bc2 Qc7 8.Qe2 g5
9.Na3 g4 10.Nb5 Qb8 11.Ng5 Nxe5 12.O-O d5 13.f4 Nd3 14.Bxd3 cxd3 15.Qe5 Rg8
16.Nc7+ Kd7 17.Nxa8 Qxe5 18.Nxb6+ axb6 19.fxe5 Rxg5 20.Rxf7 Ke8 21.Rf2 Rxe5
22.a4 Re1+ 23.Rf1 Re2 24.Rf2 Re1+  1/2-1/2

[Event "13th Metropolitan GM"]
[Site "Los Angeles USA"]
[Date "2011.12.08"]
[Round "3"]
[White "Sevillano,E"]
[Black "Arnold,Mar"]
[Result "1-0"]
[WhiteElo "2461"]
[BlackElo "2504"]

1.e4 c5 2.c3 Nf6 3.e5 Nd5 4.Nf3 Nc6 5.Bc4 Nb6 6.Bb3 d5 7.exd6 Qxd6 8.d4 cxd4
9.Na3 Be6 10.Nb5 Qd7 11.Bxe6 Qxe6+ 12.Be3 Qd7 13.Nbxd4 e6 14.O-O Nc4 15.Qe2 Nxe3
16.fxe3 Nd8 17.Rad1 a6 18.Ne5 Qc7 19.Nxf7 Nxf7 20.Nxe6 Qc6 21.Qg4 b5 22.Qf5 Ra7
23.Rd5 g6 24.Qe4 Re7 25.Rf6 Qb7 26.Rxf7 Kxf7  1-0

[Event "2nd JAHV McGregor Open"]
[Site "Bogota COL"]
[Date "2011.12.09"]
[Round "7"]
[White "Becerra,J"]
[Black "Gomez Garrido,C"]
[Result "0-1"]
[WhiteElo "2280"]
[BlackElo "2537"]

1.e4 c5 2.c3 Nf6 3.e5 Nd5 4.d4 cxd4 5.cxd4 e6 6.Nc3 Nxc3 7.bxc3 Qc7 8.Bd2 b6
9.f4 Ba6 10.Nf3 Bxf1 11.Rxf1 d5 12.Ng5 g6 13.Qf3 Be7 14.f5 Bxg5 15.Bxg5 gxf5
16.Rc1 Rg8 17.h4 h6 18.Bxh6 Rg4 19.c4 Re4+ 20.Kf2 dxc4 21.Qh5 Nd7 22.Kg1 Rxd4
23.Bg5 Nf8 24.Rce1 b5 25.Bf6 Rc8 26.Bg7 Ng6 27.Qh7 Qc5 28.Qg8+ Nf8 29.Bxf8 Qxf8
30.Qg5 Rg4 31.Qh5 Qc5+ 32.Kh2 Ke7 33.Rd1  0-1

[Event "13th Metropolitan GM"]
[Site "Los Angeles USA"]
[Date "2011.12.09"]
[Round "5"]
[White "Sevillano,E"]
[Black "Kiewra,K"]
[Result "1/2-1/2"]
[WhiteElo "2461"]
[BlackElo "2360"]

1.e4 c5 2.c3 Nf6 3.e5 Nd5 4.Nf3 Nc6 5.d4 cxd4 6.cxd4 d6 7.Bc4 Nb6 8.Bb5 dxe5
9.Nxe5 Bd7 10.Nc3 Nxe5 11.dxe5 Bxb5 12.Qxd8+ Rxd8 13.Nxb5 a6 14.Nc3 Nc4 15.f4 e6
16.Ke2 Bb4 17.Ne4 Rd4 18.Nf2 O-O 19.a3 Be7 20.b3 Na5 21.Be3 Rd5 22.Rab1 Rc8
23.Rhc1 Rxc1 24.Rxc1 Nxb3 25.Rc7 Bxa3 26.Rxb7 Nd4+ 27.Bxd4 Rxd4 28.Rb8+ Bf8
29.Nd3 a5 30.Ra8 Rd5 31.Ke3 f6 32.g4 Kf7 33.Ke4 Rb5 34.f5 exf5+ 35.gxf5 g6
36.e6+ Ke7 37.Ra7+ Ke8 38.Ra8+ Ke7 39.Ra7+ Ke8 40.Ra8+  1/2-1/2

[Event "FSFMA December 2011"]
[Site "Budapest HUN"]
[Date "2011.12.13"]
[Round "11"]
[White "Gupta,B"]
[Black "Dancs,Z"]
[Result "1/2-1/2"]
[WhiteElo "1998"]
[BlackElo "2114"]

1.e4 c5 2.c3 Nf6 3.e5 Nd5 4.d4 cxd4 5.Nf3 e6 6.cxd4 Be7 7.Nc3 Nxc3 8.bxc3 d6
9.Bd3 dxe5 10.dxe5 Bd7 11.O-O Bc6 12.Bf4 Nd7 13.Nd4 Nc5 14.Bc2 Bd5 15.Qg4 g6
16.Bh6 a6 17.Qf4 Rc8 18.Rfd1 Nd7 19.Rd3 Qa5 20.Bb3 Bxb3 21.Nxb3 Qxe5 22.Rxd7 Qxf4
23.Rxe7+ Kxe7 24.Bxf4 Rhd8 25.Bd2 Rc4 26.Kf1 Rd5 27.Ke2 b5 28.Rc1 e5 29.f3 f5
30.g3 Ke6 31.Be3 a5 32.Nxa5 Ra4 33.Nb3 Rxa2+ 34.Nd2 Ra4 35.Rb1 h5 36.Rb4 Rxb4
37.cxb4 Rd7 38.Bc5 Kd5 39.Kd3 g5 40.h3 Rf7 41.Be3 g4 42.hxg4 hxg4 43.fxg4 e4+
44.Ke2 fxg4 45.Bc5 Rh7 46.Ke3 Rh1 47.Kf4 Rc1 48.Kxg4 Rc2 49.Nf1 Ke5 50.Ne3 Rh2
51.Nf5 Rd2 52.Bd6+ Kf6 53.Bc5 Rd3 54.Nd4 Ke5 55.Nxb5 Kd5 56.Nc7+ Kc4 57.Ne6 e3
58.Nf4 Rb3 59.Kf5 Rb2 60.Bxe3 Rxb4 61.g4 Rb3 62.Ba7 Rb7 63.Bf2 Rb2 64.Bh4 Rb5+
65.Ke6 Kd4 66.g5 Ke4 67.Nh5 Rb6+ 68.Kf7 Kf5 69.Ng3+ Kg4 70.g6 Rxg6 71.Kxg6 Kxh4  1/2-1/2

[Event "14th Padova Open"]
[Site "Padova ITA"]
[Date "2011.12.13"]
[Round "4"]
[White "Boscolo,F"]
[Black "Zufic,M"]
[Result "1-0"]
[WhiteElo "2270"]
[BlackElo "2409"]

1.e4 c5 2.c3 Nf6 3.e5 Nd5 4.Nf3 e6 5.Bc4 d6 6.d4 cxd4 7.cxd4 Nc6 8.O-O Be7
9.Qe2 O-O 10.Rd1 Na5 11.b3 Nxc4 12.bxc4 Nc7 13.exd6 Bxd6 14.Nc3 b6 15.Ng5 Ba6
16.d5 e5 17.Nge4 Ne8 18.Nb5 Bxb5 19.cxb5 f6 20.a4 Rf7 21.a5 Rd7 22.axb6 axb6
23.Be3 Rb8 24.Ra6 f5 25.Ng5 h6 26.Ne6 Qh4 27.Rxb6 Rxb6 28.Bxb6 Nf6 29.h3 Qa4
30.Bc5 Ne4 31.Rc1 Nxc5 32.Nxc5 Qa3 33.Qe3 Qxe3 34.fxe3 Rc7 35.Nd3 Rxc1+ 36.Nxc1 Bc5
37.Kf2 e4 38.Nb3 Bb6 39.Nd2 Kf8 40.Nc4 Bc5 41.b6  1-0

[Event "18th Zadar Open A"]
[Site "Zadar CRO"]
[Date "2011.12.15"]
[Round "7.2"]
[White "Stevic,H"]
[Black "Kozul,Z"]
[Result "1/2-1/2"]
[WhiteElo "2612"]
[BlackElo "2577"]

1.e4 c5 2.c3 Nf6 3.e5 Nd5 4.Nf3 e6 5.d4 cxd4 6.cxd4 d6 7.Bc4 Be7 8.O-O O-O
9.Bd2 Nd7 10.Nc3 Nxc3 11.Bxc3 Nb6 12.Ba5 dxe5 13.Nxe5 Qd6 14.Bb3 Nd5 15.Qf3 b6
16.Bxd5 Qxd5 17.Qxd5 exd5 18.Bd2 Be6 19.Rac1 Rfc8 20.Rxc8+ Rxc8 21.Rc1 Rxc1+
22.Bxc1 Bd6 23.Bf4 Bf5 24.Ng6 Bxg6  1/2-1/2

[Event "European Rapid 2011"]
[Site "Warsaw POL"]
[Date "2011.12.17"]
[Round "2"]
[White "Kastelik,A"]
[Black "Kempinski,R"]
[Result "0-1"]
[WhiteElo "2090"]
[BlackElo "2603"]

1.e4 c5 2.c3 Nf6 3.e5 Nd5 4.d4 cxd4 5.cxd4 Nc6 6.Nf3 d6 7.Bc4 dxe5 8.dxe5 Nb6
9.Qxd8+ Nxd8 10.Bb3 Be6 11.Bxe6 Nxe6 12.Nc3 g6 13.O-O Bg7 14.Re1 O-O 15.b3 Rfd8
16.Ba3 Rac8 17.Bxe7 Rxc3 18.Bxd8 Nxd8 19.Rac1 Rxc1 20.Rxc1 Nc6 21.Re1 Kf8
22.Kf1 Ke7 23.Ke2 Nxe5 24.Nxe5 Bxe5 25.f4 Bd6 26.Kd3+ Kd7 27.g3 Nd5 28.Kd4 Nb4
29.Re2 f5 30.Kc4 a6 31.Kd4 Nc6+ 32.Kc4 h5 33.Rd2 Ne7 34.Re2 Ng8 35.b4 b5+
36.Kb3 Nf6 37.a3 h4 38.a4 Nd5 39.axb5 axb5 40.gxh4 Nxf4 41.Ra2 Ke6 42.Kc3 Nd5+
43.Kd4 Nxb4 44.Re2+ Kd7 45.Rg2 Nc6+ 46.Kd5 Ne7+ 47.Kd4 Ke6 48.h3 Nc6+ 49.Ke3 Ne5
50.Kf4 Kf6 51.Ke3 Bc5+ 52.Kd2 f4 53.Ke1 f3 54.Rc2 b4 55.Kf1 Bd4 56.h5 gxh5
57.h4 b3 58.Rc1 b2 59.Rb1 Nc4 60.Ke1 Na3  0-1

[Event "European Rapid 2011"]
[Site "Warsaw POL"]
[Date "2011.12.17"]
[Round "8"]
[White "Skawinski,A"]
[Black "Moranda,W"]
[Result "0-1"]
[WhiteElo "2300"]
[BlackElo "2568"]

1.e4 c5 2.c3 Nf6 3.e5 Nd5 4.d4 cxd4 5.Nf3 Nc6 6.Bc4 Nb6 7.Bb3 g6 8.cxd4 Bg7
9.d5 Nxe5 10.Nxe5 Bxe5 11.Bh6 e6 12.Nc3 Qh4 13.Qd2 Nc4 14.Bxc4 Qxc4 15.O-O-O d6
16.f4 Bxc3 17.bxc3 exd5 18.Rhe1+ Be6 19.Qb2 O-O-O 20.Rd4 Qc6 21.Bg7 Rhe8
22.Bf6 Bg4 23.Rg1 Re2 24.Rd2 Rde8 25.h3 Re1+ 26.Rxe1 Rxe1+ 27.Kc2 Qa4+  0-1

[Event "XXII Cajacanarias Christmas"]
[Site "Santa Cruz de Tenerife ESP"]
[Date "2011.12.19"]
[Round "2"]
[White "Henriquez Garcia,D"]
[Black "Cabrera Trujillo,J"]
[Result "0-1"]
[WhiteElo "1970"]
[BlackElo "2353"]

1.e4 c5 2.c3 Nf6 3.e5 Nd5 4.d4 cxd4 5.cxd4 d6 6.Nf3 Nc6 7.Bc4 e6 8.O-O Be7
9.Nc3 Nxc3 10.bxc3 dxe5 11.Nxe5 Nxe5 12.dxe5 Qxd1 13.Rxd1 Bd7 14.Rb1 O-O-O
15.Be3 Kb8 16.Bd4 Bc6 17.f3 Rd7 18.Bb5 Rc7 19.Bd3 Bd5 20.Rb5 Rhc8 21.Rdb1 Bc5
22.a4 Bxd4+ 23.cxd4 Rc1+ 24.Kf2 Rxb1 25.Rxb1 h6 26.Ke3 Rc3 27.Kd2 Ra3 28.Bc2 Bc6
29.Rb4 Ra1 30.Ke3 Rg1 31.Be4 Kc7 32.Kf2 Rc1 33.Bb1 a5  0-1

[Event "ch-POR w 2011-12"]
[Site "Lisbon POR"]
[Date "2011.12.20"]
[Round "5.1"]
[White "Coimbra,M"]
[Black "Oliveira,Maria"]
[Result "1/2-1/2"]
[WhiteElo "2162"]
[BlackElo "1870"]

1.e4 c5 2.c3 Nf6 3.e5 Nd5 4.d4 cxd4 5.Nf3 Nc6 6.cxd4 e6 7.Bc4 d6 8.O-O Be7
9.exd6 Bxd6 10.Nc3 O-O 11.Re1 h6 12.Bb3 Nf6 13.Be3 b6 14.Qe2 Bb7 15.Rad1 Ne7
16.Ne5 Ned5 17.Bd2 Rc8 18.Bc2 Qe7 19.Bb1 Rfd8 20.Ne4 Nxe4 21.Qxe4 f5 22.Qe2 Re8
23.Qh5 Bxe5 24.Rxe5 Qf7 25.Qxf7+ Kxf7 26.Rde1 Nf6 27.f3 Bd5 28.Bc3 Rc7 29.a3 Bc4
30.Rd1 Rec8 31.Bc2 Bd5 32.Rde1 Nd7 33.R5e3 Nf6 34.Re5 Nd7 35.R5e3 Nf6 36.Re5  1/2-1/2

[Event "48th Groningen Open A"]
[Site "Groningen NED"]
[Date "2011.12.21"]
[Round "1.9"]
[White "Brandenburg,D"]
[Black "Clemens,A"]
[Result "1/2-1/2"]
[WhiteElo "2519"]
[BlackElo "2226"]

1.e4 c5 2.c3 Nf6 3.e5 Nd5 4.Nf3 e6 5.Bc4 Nb6 6.Bb3 Nc6 7.d4 cxd4 8.cxd4 d6
9.O-O dxe5 10.dxe5 Qxd1 11.Rxd1 Nd7 12.Nc3 a6 13.Bf4 Nc5 14.Bc2 Nb4 15.Rac1 Nxc2
16.Rxc2 Bd7 17.h3 Be7 18.b4 Ba4 19.Nxa4 Nxa4 20.Be3 Rd8 21.Rb1 Rd5 22.Rc7 Rd7
23.Rc8+ Rd8 24.Rbc1 O-O 25.R8c7 Bxb4 26.Rxb7 Rb8 27.Ra7 Nc3 28.Rc2 a5 29.a3 Nb5
30.axb4 Nxa7 31.Bxa7 Rxb4 32.Kf1 Ra8 33.Bd4 a4 34.Ke2 h6 35.Ra2 Rb1 36.Nd2 Rb4
37.Bc3 Rb5 38.Ne4 Rd5 39.Ke3 Rb5 40.f4 Rb1 41.Nd6 Rd1 42.Bd4 Rb1 43.Kd3 Rd1+
44.Ke3 Rb1 45.Bc3 Rd1 46.Ne4 Rb1 47.Bd2 Rb3+ 48.Bc3 Rb1 49.Kd3 Rd1+ 50.Ke2 Rg1
51.g4 Rg2+ 52.Nf2 Rg3 53.Bd4 Rb3 54.h4 Rb4 55.Ke3 Rd8 56.Bc3 Rb3 57.Ne4 a3
58.Ke2 Rd5 59.h5 Rd8 60.f5 Rd5 61.f6 Rd8 62.fxg7 Kxg7 63.Ra1 Rd5 64.Rc1 a2
65.Ra1 Ra3 66.Bb2 Ra8 67.Nc3 Rda5 68.Kd3 Rd8+ 69.Kc2 Rd4 70.Rg1 Rf4 71.Kb3 Rf3
72.Kb4 Ra8 73.Kb3 Ra5 74.Kb4 Ra8  1/2-1/2

[Event "28th Geneva Open A"]
[Site "Geneva SUI"]
[Date "2011.12.28"]
[Round "4"]
[White "Godena,M"]
[Black "Ivanisevic,I"]
[Result "1-0"]
[WhiteElo "2548"]
[BlackElo "2636"]

1.e4 c5 2.c3 Nf6 3.e5 Nd5 4.Nf3 d6 5.d4 cxd4 6.cxd4 g6 7.Qb3 Nb6 8.Bb5+ Bd7
9.exd6 exd6 10.O-O h6 11.Re1+ Be7 12.Nc3 Kf8 13.a4 a5 14.Bxd7 N8xd7 15.Qb5 Kg7
16.Bd2 Re8 17.Ne2 d5 18.Bxa5 Bd6 19.Nc3 Rxe1+ 20.Rxe1 Bc7 21.Bxb6 Nxb6 22.a5 Nc4
23.b4 Nd6 24.Qxd5 Nf5 25.Qxb7 Bd6 26.Ne5 Ne7 27.Ne4 Rc8 28.g3 Rc2 29.a6 Ra2
30.a7 Bc7 31.Nf3 Bb6 32.Nc5 Rxa7 33.Qe4 Qd5 34.Qxd5 Nxd5 35.Rb1 Ra3 36.Ne5 Ra2
37.Nc4 Bd8 38.Rb3 Bf6 39.Ne5 h5 40.b5 h4 41.b6 h3 42.Kf1 Bd8 43.b7 Bc7 44.b8=Q Bxb8
45.Rxb8 Nc3 46.Ncd3 Rd2 47.Rb7  1-0

[Event "Cracovia Open A"]
[Site "Krakow POL"]
[Date "2011.12.28"]
[Round "2.11"]
[White "Wiewiora,E"]
[Black "Brodowski,P"]
[Result "1/2-1/2"]
[WhiteElo "2124"]
[BlackElo "2421"]

1.e4 c5 2.c3 Nf6 3.e5 Nd5 4.d4 cxd4 5.Nf3 Nc6 6.Bc4 Nb6 7.Bb3 g6 8.Ng5 d5
9.exd6 e6 10.Qf3 Ne5 11.Qg3 Bg7 12.cxd4 Nc6 13.Nf3 Nxd4 14.Nxd4 Bxd4 15.Nc3 Bd7
16.O-O Bc6 17.Re1 Qf6 18.Bf4 O-O-O 19.Red1 Qg7 20.a4  1/2-1/2

[Event "Schachtuerken-Cup"]
[Site "Paderborn GER"]
[Date "2011.12.28"]
[Round "4.1"]
[White "Seger,R"]
[Black "Rotstein,A"]
[Result "1/2-1/2"]
[WhiteElo "2390"]
[BlackElo "2502"]

1.e4 c5 2.c3 Nf6 3.e5 Nd5 4.d4 cxd4 5.Nf3 e6 6.cxd4 d6 7.Bc4 Nc6 8.O-O Be7
9.Qe2 O-O 10.Qe4 Bd7 11.exd6 Bxd6 12.Nc3 Nf6 13.Qh4 Ne7 14.Bd3 Qa5 15.Bg5 Ng6
16.Bxg6 fxg6 17.Rfe1 Nd5 18.Ne5 Nxc3 19.Bd2 Qd8 20.Qxd8 Raxd8 21.Bxc3  1/2-1/2

[Event "28th Geneva Open A"]
[Site "Geneva SUI"]
[Date "2011.12.29"]
[Round "6"]
[White "Cherniaev,A1"]
[Black "Fier,A"]
[Result "1/2-1/2"]
[WhiteElo "2469"]
[BlackElo "2573"]

1.e4 c5 2.c3 Nf6 3.e5 Nd5 4.Nf3 Nb6 5.d4 cxd4 6.Nxd4 Nc6 7.Bf4 g6 8.c4 Bg7
9.Nc3 d5 10.cxd5 Nxe5 11.Bb5+ Bd7 12.Qe2 Bxb5 13.Ndxb5 Nbd7 14.d6 O-O 15.O-O e6
16.Nc7 Rb8 17.Rfd1 a6 18.Ne4 h6 19.Rac1 g5 20.Be3 Ng6 21.Qc2 b6 22.Nxa6 Ra8
23.Nb4 f5 24.Ng3 Nge5 25.Bd4 Qe8 26.Nc6 Nxc6 27.Bxg7 Kxg7 28.Qxc6 Rxa2 29.Qb7 Ra8
30.Rc7 Rf7 31.h3 Kg6 32.Re1 Rd8 33.b4 e5 34.Qd5 Rf6 35.Rc6 h5 36.Nf1 Re6
37.Rd1 Nf6 38.Qc4 b5  1/2-1/2

[Event "Czech Chess Christmas 2011"]
[Site "Litomysl CZE"]
[Date "2011.12.29"]
[Round "5.9"]
[White "Sabol,M"]
[Black "Michalowski,P"]
[Result "1-0"]
[WhiteElo "2371"]
[BlackElo "2048"]

1.e4 c5 2.c3 Nf6 3.e5 Nd5 4.d4 cxd4 5.Nf3 Nc6 6.cxd4 d6 7.exd6 Qxd6 8.Be2 Bf5
9.O-O e6 10.Na3 Be7 11.Nc4 Qc7 12.Nfe5 f6 13.Nxc6 Qxc6 14.Na5 Qb6 15.Qa4+ Kf7
16.Nc4 Qc7 17.Bd2 a6 18.Qd1 b5 19.Ne3 Be4 20.Bh5+ g6 21.Bf3 Bxf3 22.Qxf3 Qf4
23.Qh3 Qxd4 24.Rad1 Nxe3 25.Bxe3 Qxb2 26.Rd7 Rad8 27.Ra7 Qa3 28.Re1 Qc3 29.Rxe7+ Kxe7
30.Bc5+ Qxc5 31.Qxe6+ Kf8 32.Qxf6+ Kg8 33.Qxd8+ Kg7 34.Re7+ Kh6 35.Qd2+ Qg5
36.Re3 Rd8 37.Qc1 Kg7 38.g3 Rd7 39.h4 Qd5 40.Qc3+ Qd4 41.Qc6 Qd1+ 42.Kh2 Qd2
43.Rf3 Qd6 44.Qc3+ Qd4 45.Qc8 Rf7 46.Rxf7+ Kxf7 47.Qb7+ Kf8 48.Kg2 Qa4 49.Qxh7 Qxa2
50.Qxg6 Qd5+ 51.f3 a5 52.h5 Qd2+ 53.Kh3 Qd7+ 54.g4 Qf7 55.Qd6+ Kg8 56.Kg3 b4
57.Qd8+ Kg7 58.Qxa5 b3 59.Qc3+ Kg8 60.g5 Qxh5 61.Qxb3+ Kg7 62.Qc3+ Kg8 63.Qc4+ Kf8
64.Qc5+ Kf7 65.Qd5+ Kf8 66.Qd6+ Ke8 67.Qe6+ Kd8 68.Qh6 Qe8 69.Qf6+ Kd7 70.Kg4 Qe2
71.Kh5 Qh2+ 72.Kg6 Ke8 73.f4 Qa2 74.Qh8+ Ke7 75.Qg7+ Ke8 76.f5 Qc2 77.Qf7+ Kd8
78.Kg7 Qg2 79.g6 Qg4 80.f6 Qd4 81.Qe7+ Kc8 82.Kf8  1-0

[Event "Czech Chess Christmas 2011"]
[Site "Litomysl CZE"]
[Date "2011.12.29"]
[Round "6.12"]
[White "Niemers,J"]
[Black "Seidl,S"]
[Result "1-0"]
[WhiteElo "2011"]
[BlackElo "2144"]

1.e4 c5 2.c3 Nf6 3.d3 Nc6 4.f4 d6 5.Nf3 Qc7 6.g3 c4 7.Nbd2 cxd3 8.Bxd3 g6
9.Nc4 Bg7 10.Ne3 e5 11.fxe5 dxe5 12.O-O O-O 13.Qe2 Bh3 14.Rd1 Rad8 15.Ng5 Bc8
16.Kg2 h6 17.Nh3 b6 18.Nf2 Bb7 19.Kg1 Rd7 20.Rf1 Rfd8 21.Bb5 h5 22.Nc2 Ra8
23.Nb4 Re7 24.Bg5 Nxb4 25.cxb4 Re6 26.a3 Rf8 27.Rac1 Qb8 28.Bd3 Rd6 29.Rc3 Rc8
30.Rfc1 Rxc3 31.bxc3 Nh7 32.Be3 Nf8 33.c4 Ne6 34.c5 Nd4 35.Bxd4 Rxd4 36.c6 Qc7
37.b5 Bc8 38.Bc4 Bf8 39.Qa2 Kg7 40.Bd5 h4 41.Rc3 hxg3 42.Rxg3 Bc5 43.Kg2 f5
44.exf5 Bxf5 45.Be6 Rf4 46.Rf3 Rxf3 47.Kxf3 Qe7 48.Bxf5 gxf5 49.Qd5 Bd6 50.Ke2 e4
51.Qxf5 Bxa3 52.Nxe4 Qb4 53.Qf6+ Kg8 54.Qg6+ Kf8 55.Qf5+ Kg7 56.Qd7+ Kf8
57.Qd8+ Kg7 58.Qd3 Qb2+ 59.Nd2 Qe5+ 60.Kd1 Qh5+ 61.Kc2 Qc5+ 62.Qc3+ Qxc3+
63.Kxc3 Bd6 64.Nf3 Kf6 65.Kd4 Ke6 66.Ke4 Be7 67.h4 Kd6 68.h5 Bf6 69.Nd4 Kc7
70.Kd5 Kc8 71.h6 Bg5 72.Nf5 Kc7 73.h7 Bf6 74.Ne7 a5 75.bxa6 b5 76.a7  1-0